Roys Bedoys Characters - Statistics

General Stats
  • This quiz has been taken 56 times
  • The average score is 9 of 12
Answer Stats
Hint Answer % Correct
Main Character Roys Bedoys
97%
Main Character's Brother Loys Bedoys
94%
Main Character's Sister Joys Bedoys
81%
Main Character's Best Friend Maker
77%
Main Character's Darker Skinned Friend Truly
77%
Main Character's Teacher Ms. H
74%
Main Character's Father Mr. Bedoys
71%
Main Character's Mother Mrs. Bedoys
71%
Main Character's Redhead Friend Wen
71%
Main Character's Blonde Friend in Ms. R's Class Hopper
68%
Main Character's Blue-haired Friend in Ms. R's Class Coder
65%
Main Character's Newer Friend Flora
65%
No matching quizzes found
Score Distribution
Percent of People with Each Score
Percentile by Number Answered
Your Score History
You have not taken this quiz